header

Nic Bishop (Record no. 263852)

MARC details
000 -LEADER
fixed length control field 00222nam a22000977a 4500
020 ## - INTERNATIONAL STANDARD BOOK NUMBER
ISBN 9780439877589
100 ## - MAIN ENTRY--AUTHOR NAME
Personal name Marsupials
245 ## - TITLE STATEMENT
Title Nic Bishop
260 ## - PUBLICATION, DISTRIBUTION, ETC. (IMPRINT)
Place of publication New York
Name of publisher NY : Scholastic Nonfiction
Year of publication 2009
942 ## - ADDED ENTRY ELEMENTS (KOHA)
Koha item type Long Loan Books
Holdings
Withdrawn status Lost status Collection code Home library Current library Shelving location Date acquired Accession Number Koha item type
    Fiction Rongo University Library Rongo University Library Children's Area 13/06/2024 CL2021741 Long Loan Books

© 2026 Rongo University
Contact us: librarian | system librarian | Rongo university